000 00806nam a2200253 a 4500
008
020 _a8170001552(cased)
049 _aMAIN
090 _aZ675.U5
_bDEV
100 1 _aDevarajan, G.
245 1 0 _aResource allocation in university libraries /
_cG. Devarajan.
260 _aNew Delhi :
_bEss Ess Publications,
_c1993.
300 _axii, 187 p. ;
_c23 cm.
520 _aStudy with reference to Kerala.
504 _aIncludes bibliographical references.
500 _aIncludes index.
650 0 _aAcademic libraries
_xFinance
_zIndia
_zKerala.
650 0 _aAcademic libraries
_xAdministration
_zIndia
_zKerala.
907 _a.b10205688
_b24-04-12
_c16-06-06
003
005 20230123134221.0
040 _cNUST
942 _cBOOKS
_kZ675.U5
_mDEV
999 _c162062
_d162062